000
00317nam a22001457a 4500
003
OSt
005
20211230151822.0
008
211230b |||||||| |||| 00| 0 eng d
020
_a
1558606777
040
_c
HU
082
_a
005.7565
100
_a
Melton
_9
26405
245
_a
Advanced Sql1999
942
_2
ddc
_c
BOOKS
_n
0
999
_c
25322
_d
25322